000 00621nam a2200181Ia 4500
008 090630s9999 xx 000 0 und d
082 _b25824
100 _aहरकारे अरुण.
245 _aकाही तासांसाठी.
_cहरकारे अरुण.
260 _bविद्यार्थी.
_c2006
300 _a200
600 _aहरकारे अरुण.
630 _aकाही तासांसाठी.
655 _aकादंबरी.
700 _aहरकारे अरुण.
730 _aकाही तासांसाठी.
942 _cBOOK
999 _c277680
_d277680